[Event "Titled Tue 27th May Early"]
[Site "chess.com INT"]
[Date "2025.05.27"]
[Round "3"]
[White "Yglesias Herrera, Michel"]
[Black "Daulet, Alikhan"]
[Result "0-1"]
[WhiteTitle "CM"]
[BlackTitle "CM"]
[WhiteElo "2100"]
[BlackElo "2100"]
[WhiteFideId "3510840"]
[BlackFideId "13741632"]
[EventDate "2025.05.27"]

1. d4 d5 2. c4 e6 3. Nc3 a6 4. Nf3 dxc4 5. a4 Nc6 6. e3 Na5 7. Ne5 c5 8. Nxc4
cxd4 9. exd4 Nf6 10. Be2 Nxc4 11. Bxc4 Be7 12. O-O O-O 13. Bf4 Bd7 14. Re1 Rc8
15. Bd3 Bc6 16. a5 Nd5 17. Bd2 Bf6 18. Nxd5 Qxd5 19. Be4 Qxd4 20. Bxc6 Rxc6 21.
Be3 Qxd1 22. Rexd1 Rd8 23. Rxd8+ Bxd8 24. Rd1 Bxa5 25. Rd7 Bc7 26. g3 Kf8 27. b4
Ke8 28. Rd1 Bd6 29. Rb1 b5 30. Kg2 Kd7 31. Bd4 f6 32. Be3 Rc4 33. Ra1 Rc6 34.
Rb1 Kc7 35. h4 Rc4 36. Ra1 Kb7 37. Rd1 Bxb4 38. Rd7+ Rc7 39. Rd8 a5 40. h5 h6
41. Bf4 e5 42. Be3 a4 43. Rd5 Ka6 44. Rd8 a3 45. Ra8+ Kb7 46. Ra7+ Kc6 47. Ra6+
Kd5 48. Rb6 Kc4 49. Ra6 Kb3 50. Bb6 Rc6 0-1

[Event "Titled Tue 27th May Early"]
[Site "chess.com INT"]
[Date "2025.05.27"]
[Round "3"]
[White "Jahnz, Laurin"]
[Black "Brown, Akeem"]
[Result "1-0"]
[WhiteTitle "CM"]
[BlackTitle "CM"]
[WhiteElo "2233"]
[BlackElo "2055"]
[WhiteFideId "16261089"]
[BlackFideId "7402023"]
[EventDate "2025.05.27"]

1. b4 d5 2. g4 Bxg4 3. Bg2 Nf6 4. Bb2 c6 5. a3 e6 6. h3 Bh5 7. Nf3 Nbd7 8. Nc3
Bd6 9. d4 Bxf3 10. Bxf3 Nb6 11. Rg1 O-O 12. Bc1 Re8 13. Bh6 g6 14. Bg5 e5 15. e3
exd4 16. Qxd4 Be5 17. Qd3 d4 18. Ne4 dxe3 19. Qxd8 Rexd8 20. Nxf6+ Kg7 21. Nh5+
gxh5 22. Bxd8+ Kf8 23. Bxb6 Bxa1 24. Bc5+ 1-0

[Event "Titled Tue 27th May Early"]
[Site "chess.com INT"]
[Date "2025.05.27"]
[Round "3"]
[White "Klukin, Kirill"]
[Black "Veiga, Jose Francisco R P Neves"]
[Result "1-0"]
[WhiteTitle "IM"]
[BlackTitle "IM"]
[WhiteElo "2407"]
[BlackElo "2389"]
[WhiteFideId "24199273"]
[BlackFideId "1930087"]
[EventDate "2025.05.27"]

1. d4 Nc6 2. Nf3 d6 3. c4 Bg4 4. e3 e5 5. Be2 exd4 6. Nxd4 Bxe2 7. Nxe2 Nf6 8.
O-O g6 9. b3 Bg7 10. Bb2 O-O 11. Nbc3 Re8 12. Nf4 Ne4 13. Rc1 Nc5 14. Qd2 a5 15.
Rfd1 a4 16. Nxa4 Nxa4 17. Bxg7 Kxg7 18. bxa4 Rxa4 19. Qb2+ Qf6 20. Qxb7 Ne5 21.
Qxc7 Rxa2 22. Rxd6 Qf5 23. h3 Rc8 24. Qe7 Rxc4 25. Rxc4 Nxc4 26. Ne6+ Kh6 27.
Qf8+ Kh5 28. g4+ Qxg4+ 29. hxg4+ Kxg4 30. Rd4+ 1-0

[Event "Titled Tue 27th May Early"]
[Site "chess.com INT"]
[Date "2025.05.27"]
[Round "3"]
[White "Kikuchi Cadilhac, Mariana Sawae"]
[Black "Montiel, Angel Nathanael"]
[Result "0-1"]
[WhiteTitle "WFM"]
[BlackTitle "CM"]
[WhiteElo "1849"]
[BlackElo "2011"]
[WhiteFideId "2144433"]
[BlackFideId "3706923"]
[EventDate "2025.05.27"]

1. d4 Nf6 2. c4 c5 3. e3 cxd4 4. exd4 g6 5. Nc3 Bg7 6. Nf3 d6 7. Bg5 O-O 8. Qd2
Nc6 9. O-O-O Bf5 10. a3 Qa5 11. Be2 Rab8 12. Bh6 a6 13. Bxg7 Kxg7 14. h4 Nb4 15.
h5 Qa4 16. hxg6 fxg6 17. Qh6+ Kf7 18. Nxa4 Nc6 19. Bd3 Bg4 20. Be2 Bf5 21. Ng5+
Ke8 22. d5 Na5 23. Nxh7 Nb3# 0-1

[Event "Titled Tue 27th May Early"]
[Site "chess.com INT"]
[Date "2025.05.27"]
[Round "3"]
[White "Ebrahimi Herab, Hamidreza"]
[Black "Zhou, Yuxu"]
[Result "1-0"]
[WhiteTitle "FM"]
[BlackTitle "CM"]
[WhiteElo "2404"]
[BlackElo "2087"]
[WhiteFideId "22512888"]
[BlackFideId "8626421"]
[EventDate "2025.05.27"]

1. d4 d5 2. c4 c6 3. Nf3 Nf6 4. Nc3 e6 5. e3 Nbd7 6. Qc2 Bd6 7. b3 O-O 8. Bd3 e5
9. cxd5 cxd5 10. dxe5 Nxe5 11. Be2 Nxf3+ 12. Bxf3 Qc7 13. Bb2 d4 14. exd4 Re8+
15. Kf1 Bg4 16. Bxg4 Nxg4 17. h3 Nh2+ 18. Kg1 Re7 19. Qd3 Qd7 20. g3 Rae8 21.
Kxh2 Bb4 22. a3 Bxc3 23. Bxc3 Re2 24. Rhf1 Qe6 25. Rae1 1-0

[Event "Titled Tue 27th May Early"]
[Site "chess.com INT"]
[Date "2025.05.27"]
[Round "3"]
[White "Sheehan, Ethan"]
[Black "Aakash, G"]
[Result "1-0"]
[BlackTitle "FM"]
[WhiteElo "2380"]
[BlackElo "2114"]
[WhiteFideId "30943965"]
[BlackFideId "25644394"]
[EventDate "2025.05.27"]

1. d4 d5 2. c4 c6 3. Nc3 Nf6 4. Nf3 e6 5. e3 Nbd7 6. Qc2 Bd6 7. Bd3 dxc4 8. Bxc4
b5 9. Bd3 Bb7 10. O-O O-O 11. e4 e5 12. dxe5 Nxe5 13. Nxe5 Bxe5 14. h3 Qe7 15.
Be3 Rfd8 16. Rad1 a6 17. Ne2 Bc7 18. Bc5 Qe5 19. f4 Qe6 20. Nd4 Rxd4 21. Bxd4 c5
22. f5 Qe7 23. Qxc5 Bd6 24. Qc3 Nxe4 25. Bxe4 Qxe4 26. Qd2 Bg3 27. Bxg7 Kxg7 28.
Qg5+ Kh8 29. Qxg3 f6 30. Rfe1 Qc2 31. Qf2 Qc6 32. Re6 Qc7 33. Qd4 1-0

[Event "Titled Tue 27th May Early"]
[Site "chess.com INT"]
[Date "2025.05.27"]
[Round "3"]
[White "Sagalchik, Gennadij"]
[Black "Newansa, M Esandi"]
[Result "0-1"]
[WhiteTitle "GM"]
[BlackTitle "WCM"]
[WhiteElo "2434"]
[BlackElo "1947"]
[WhiteFideId "2007916"]
[BlackFideId "9999060"]
[EventDate "2025.05.27"]

1. d4 d5 2. c4 c6 3. Nc3 Nf6 4. e3 Bf5 5. cxd5 cxd5 6. Qb3 Bc8 7. Nf3 Nc6 8. Bd3
e6 9. Bd2 Bd6 10. O-O-O Bd7 11. g4 Na5 12. Qc2 g6 13. g5 Nh5 14. Nb5 Bb8 15. Ne5
a6 16. Nc3 Bxe5 17. dxe5 Rc8 18. Kb1 Qxg5 19. f4 Qd8 20. e4 d4 21. Ne2 Rxc2 0-1

[Event "Titled Tue 27th May Early"]
[Site "chess.com INT"]
[Date "2025.05.27"]
[Round "3"]
[White "Shubenkova, Veronika"]
[Black "Toroptseva, Yevheniia"]
[Result "1-0"]
[WhiteTitle "WFM"]
[BlackTitle "WFM"]
[WhiteElo "2024"]
[BlackElo "2064"]
[WhiteFideId "44124040"]
[BlackFideId "34109374"]
[EventDate "2025.05.27"]

1. e4 g6 2. d4 Bg7 3. c4 d6 4. Nc3 Nd7 5. f3 c5 6. d5 Ngf6 7. Be3 O-O 8. Bd3 e5
9. Nge2 Nh5 10. O-O f5 11. f4 exf4 12. Nxf4 Nxf4 13. Bxf4 Ne5 14. exf5 Bxf5 15.
Bxe5 Bxe5 16. Bxf5 gxf5 17. Qh5 Qf6 18. Rf3 Qg6 19. Qh3 Kh8 20. Re1 Rae8 21.
Ref1 f4 22. b3 Rg8 23. Ne2 Qc2 24. Nxf4 Bd4+ 25. Kh1 Qxa2 26. Ne6 Qd2 27. Rf7 h6
28. Nf4 Qc3 29. Qxh6# 1-0

[Event "Titled Tue 27th May Early"]
[Site "chess.com INT"]
[Date "2025.05.27"]
[Round "3"]
[White "Lee, Kyungseok"]
[Black "Patel, Riddhi R"]
[Result "1-0"]
[WhiteTitle "CM"]
[BlackTitle "WCM"]
[WhiteElo "2072"]
[BlackElo "1767"]
[WhiteFideId "13202154"]
[BlackFideId "46699074"]
[EventDate "2025.05.27"]

1. d4 f5 2. g3 e6 3. Bg2 Nf6 4. Nf3 d6 5. O-O Qe7 6. c4 Nbd7 7. Nc3 g6 8. Qc2
Bg7 9. e4 fxe4 10. Nxe4 Nxe4 11. Qxe4 Nf6 12. Qe2 O-O 13. Re1 Bd7 14. Bd2 Rae8
15. Bc3 Ng4 16. h3 Nh6 17. Rad1 Bc6 18. d5 Bxc3 19. bxc3 Ba4 20. Rb1 e5 21. Rxb7
a5 22. Qd2 Nf5 23. Ng5 Qf6 24. Rxc7 Ng7 25. Rb1 Kh8 26. Rbb7 h6 27. Ne6 Nxe6 28.
Qxh6+ Kg8 29. Qh7# 1-0

[Event "Titled Tue 27th May Early"]
[Site "chess.com INT"]
[Date "2025.05.27"]
[Round "3"]
[White "Butti, Enrique"]
[Black "Bodemar, Jonathan"]
[Result "1-0"]
[WhiteTitle "CM"]
[BlackTitle "CM"]
[WhiteElo "1998"]
[BlackElo "2150"]
[WhiteFideId "3700470"]
[BlackFideId "6205488"]
[EventDate "2025.05.27"]

1. d4 Nf6 2. Nf3 d5 3. c4 e6 4. Nc3 Be7 5. e3 O-O 6. b3 b6 7. Bb2 Bb7 8. Bd3
Nbd7 9. O-O c5 10. Qe2 dxc4 11. bxc4 cxd4 12. exd4 Rc8 13. Rad1 Qc7 14. Ne5 Rfd8
15. f4 a6 16. d5 exd5 17. Nxd5 Nxd5 18. Bxh7+ Kxh7 19. Qh5+ Kg8 20. Qxf7+ Kh7
21. Rd3 Bc5+ 22. Kh1 Ne3 23. Rxe3 Bxe3 24. Ng4 Bxg2+ 25. Kxg2 Qc6+ 26. Rf3 Qg6
27. Rh3+ 1-0

[Event "Titled Tue 27th May Early"]
[Site "chess.com INT"]
[Date "2025.05.27"]
[Round "3"]
[White "Centron Antuna, Daniel"]
[Black "Bruhovich, Olexandr"]
[Result "1-0"]
[WhiteTitle "FM"]
[BlackTitle "CM"]
[WhiteElo "2290"]
[BlackElo "2208"]
[WhiteFideId "22288694"]
[BlackFideId "14119919"]
[EventDate "2025.05.27"]

1. Nf3 d6 2. b3 Nf6 3. Bb2 g6 4. g3 Bg7 5. Bg2 O-O 6. O-O Nbd7 7. d4 c5 8. c4
Rb8 9. Nc3 b6 10. e4 cxd4 11. Nxd4 Bb7 12. Re1 Nc5 13. Qd2 h5 14. h3 Kh7 15.
Rad1 Bh6 16. f4 Re8 17. Nd5 Nfd7 18. b4 Ne6 19. Nf3 Rc8 20. Qc3 Bg7 21. Ng5+ Kh8
22. Nxe6 Bxc3 23. Bxc3+ 1-0

[Event "Titled Tue 27th May Early"]
[Site "chess.com INT"]
[Date "2025.05.27"]
[Round "3"]
[White "Mendonca, Leon Luke"]
[Black "Chekletsov, Ilya"]
[Result "1-0"]
[WhiteTitle "GM"]
[BlackTitle "IM"]
[WhiteElo "2630"]
[BlackElo "2338"]
[WhiteFideId "35028561"]
[BlackFideId "24177156"]
[EventDate "2025.05.27"]

1. e4 c5 2. Nf3 e6 3. g3 Nc6 4. Bg2 g6 5. O-O Bg7 6. c3 e5 7. Na3 Nge7 8. d4 d6
9. d5 Nb8 10. Nc4 b5 11. Ne3 O-O 12. a4 Bd7 13. axb5 Bxb5 14. c4 Bd7 15. Bd2 a6
16. b4 Qc8 17. bxc5 Qxc5 18. Qb3 f5 19. Bb4 Qc7 20. Qa3 Rf6 21. c5 dxc5 22. Bxc5
Nc8 23. Nc4 fxe4 24. Nfxe5 Bb5 25. d6 Qd8 26. Bxe4 Ra7 27. Bxa7 Nxa7 28. Qc5 Nc8
29. Qd5+ Kf8 30. Rad1 Nd7 31. Nxd7+ Qxd7 32. Rfe1 Bxc4 33. Qxc4 Rxd6 34. Rxd6
Nxd6 35. Qxa6 Nxe4 36. Rxe4 Qd1+ 37. Qf1 Qd5 38. Qc4 Qd1+ 39. Kg2 Qd6 40. Qc8+
Kf7 41. Qe8+ Kf6 42. Rf4+ Kg5 43. h4+ Kh6 44. Qe3 g5 45. hxg5+ Kg6 46. Qe4+ Kxg5
47. Qf5+ 1-0

[Event "Titled Tue 27th May Early"]
[Site "chess.com INT"]
[Date "2025.05.27"]
[Round "3"]
[White "Radnaev, Nomin"]
[Black "Al-Tarboush, Ward"]
[Result "0-1"]
[WhiteTitle "CM"]
[BlackTitle "FM"]
[WhiteElo "2139"]
[BlackElo "2223"]
[WhiteFideId "1656341"]
[BlackFideId "7601450"]
[EventDate "2025.05.27"]

1. e4 e6 2. d3 d5 3. Nc3 Nf6 4. g3 b6 5. Bg2 Bb7 6. Nge2 Be7 7. O-O d4 8. Nb1 e5
9. f4 Nbd7 10. h3 c5 11. f5 h5 12. Nd2 Qc7 13. a4 O-O-O 14. Nc4 a6 15. Bd2 g6
16. Bg5 Rde8 17. c3 b5 18. axb5 axb5 19. Na3 Ng4 20. hxg4 Bxg5 21. Nxb5 Be3+ 22.
Rf2 Qb6 23. Qb3 hxg4 24. cxd4 exd4 25. Nf4 gxf5 26. exf5 Bxf2+ 27. Kxf2 Rh2 28.
Qxf7 Reh8 29. Na7+ Kb8 30. Qxd7 Rxg2+ 31. Nxg2 Qxb2+ 32. Kg1 Qxg2# 0-1

[Event "Titled Tue 27th May Early"]
[Site "chess.com INT"]
[Date "2025.05.27"]
[Round "3"]
[White "Shahinyan, Vladimir"]
[Black "Sahetchian, Armand"]
[Result "1-0"]
[WhiteTitle "CM"]
[BlackTitle "CM"]
[WhiteElo "2202"]
[BlackElo "2024"]
[WhiteFideId "13314599"]
[BlackFideId "607150"]
[EventDate "2025.05.27"]

1. Nf3 e6 2. c4 d5 3. e3 Nf6 4. Nc3 b6 5. d4 Bb7 6. Bd3 dxc4 7. Bxc4 Nbd7 8. O-O
Bd6 9. Re1 O-O 10. e4 e5 11. Bg5 h6 12. Bh4 Qe8 13. dxe5 Nxe5 14. Bxf6 Nxc4 15.
Qd4 gxf6 16. Qxc4 Bc8 17. Nd5 Kg7 18. Nxc7 Bxc7 19. Qxc7 Be6 20. Qg3+ Kh7 21.
Qh4 Qe7 22. e5 Rg8 23. exf6 Qc5 24. Re5 Qc2 25. Rh5 Rg6 26. Ng5+ Kg8 27. Rxh6
Rxh6 28. Qxh6 Qg6 29. Qxg6+ 1-0

[Event "Titled Tue 27th May Early"]
[Site "chess.com INT"]
[Date "2025.05.27"]
[Round "3"]
[White "Bozorov, Javohir"]
[Black "Christodoulaki, Antonia"]
[Result "1-0"]
[WhiteTitle "FM"]
[BlackTitle "WFM"]
[WhiteElo "2093"]
[BlackElo "2111"]
[WhiteFideId "14216957"]
[BlackFideId "4214935"]
[EventDate "2025.05.27"]

1. d4 d5 2. Bf4 e6 3. Nf3 Bd6 4. Bg3 Nf6 5. e3 O-O 6. c3 b6 7. Nbd2 Bb7 8. Bd3
c5 9. O-O Bxg3 10. hxg3 Ne4 11. dxc5 bxc5 12. Bxe4 dxe4 13. Ne5 Qg5 14. Nec4 Rd8
15. Qc2 f5 16. Ne5 Nc6 17. Nxc6 Bxc6 18. Rfd1 Rd3 19. Nc4 Rad8 20. Ne5 Rxd1+ 21.
Rxd1 Rxd1+ 22. Qxd1 Bb5 23. Qd6 Qf6 24. Qb8+ 1-0

[Event "Titled Tue 27th May Early"]
[Site "chess.com INT"]
[Date "2025.05.27"]
[Round "3"]
[White "Lloret Ramis, Juan Jose"]
[Black "Arencibia Monduy, Antonio"]
[Result "0-1"]
[WhiteTitle "FM"]
[BlackTitle "CM"]
[WhiteElo "2019"]
[BlackElo "2115"]
[WhiteFideId "2204053"]
[BlackFideId "3507939"]
[EventDate "2025.05.27"]

1. d4 d6 2. c4 c6 3. Nc3 Qc7 4. e4 e5 5. Nf3 Nf6 6. Be2 Bg4 7. O-O Be7 8. Be3
O-O 9. dxe5 dxe5 10. c5 Rd8 11. Qc2 Nbd7 12. b4 Nf8 13. a4 a5 14. b5 Ne6 15. b6
Qb8 16. Ng5 Nxc5 17. Bxg4 Nxg4 18. Bxc5 Bxc5 19. Nd5 cxd5 20. Qxc5 h6 21. Nf3
dxe4 22. Nh4 Qd6 23. Qc2 Qd3 24. Qa2 Rac8 0-1

[Event "Titled Tue 27th May Early"]
[Site "chess.com INT"]
[Date "2025.05.27"]
[Round "3"]
[White "Arakelyan, Manvel"]
[Black "Le, Tuan Minh"]
[Result "0-1"]
[WhiteTitle "FM"]
[BlackTitle "GM"]
[WhiteElo "2326"]
[BlackElo "2598"]
[WhiteFideId "13317415"]
[BlackFideId "12401153"]
[EventDate "2025.05.27"]

1. e4 e5 2. Nf3 Nc6 3. Nc3 Nf6 4. d4 Bb4 5. Nxe5 Qe7 6. Qd3 Nxe5 7. dxe5 Qxe5 8.
Bd2 O-O 9. Be2 d6 10. O-O Bxc3 11. Bxc3 Qxe4 12. Qg3 Qg6 13. Qh4 Bf5 14. Bf3 Be4
15. Qf4 Bxf3 16. Qxf3 Ne4 17. Rfe1 Rfe8 18. Bd4 Re6 19. Re3 c5 20. Rae1 Rae8 21.
Bc3 d5 0-1

[Event "Titled Tue 27th May Early"]
[Site "chess.com INT"]
[Date "2025.05.27"]
[Round "3"]
[White "Lewicki, Miroslaw"]
[Black "Xue, Haowen"]
[Result "0-1"]
[WhiteTitle "IM"]
[BlackTitle "GM"]
[WhiteElo "2317"]
[BlackElo "2518"]
[WhiteFideId "1113380"]
[BlackFideId "8625492"]
[EventDate "2025.05.27"]

1. e4 Nf6 2. e5 Nd5 3. d4 d6 4. exd6 exd6 5. Nf3 Be7 6. Be2 O-O 7. O-O Bf5 8. c4
Nf6 9. Nc3 c6 10. Be3 d5 11. Qb3 Qb6 12. Qxb6 axb6 13. cxd5 Nxd5 14. Nxd5 cxd5
15. a3 Nc6 16. Rac1 f6 17. Rc3 Rfc8 18. Rfc1 Kf7 19. Nd2 Bd6 20. f4 Re8 21. g3
Nxd4 22. Bf1 Bc5 23. Kg2 Ne2 24. Bxe2 Bxe3 25. Rd1 Rac8 26. Rxc8 Rxc8 27. Bf3
Rc2 28. Bxd5+ Kf8 0-1

[Event "Titled Tue 27th May Early"]
[Site "chess.com INT"]
[Date "2025.05.27"]
[Round "3"]
[White "Papaioannou, Dimitrios"]
[Black "Gutierrez Olivares, Daniel"]
[Result "1-0"]
[WhiteTitle "CM"]
[BlackTitle "FM"]
[WhiteElo "2200"]
[BlackElo "2354"]
[WhiteFideId "25865137"]
[BlackFideId "2264005"]
[EventDate "2025.05.27"]

1. Nf3 Nf6 2. c4 d6 3. d4 g6 4. Nc3 Bg7 5. e4 O-O 6. Be2 Nbd7 7. Be3 e5 8. O-O
Ng4 9. Bg5 f6 10. Bh4 Nh6 11. Qd2 Nf7 12. Rad1 c6 13. h3 Qe7 14. b4 Re8 15. Rfe1
Nf8 16. d5 g5 17. Bg3 h5 18. c5 g4 19. Nh4 Bh6 20. Qd3 Rd8 21. hxg4 hxg4 22. Nf5
Bxf5 23. exf5 dxc5 24. bxc5 Qxc5 25. Ne4 Qe7 26. d6 Nxd6 27. Nxd6 Rd7 28. Qc4+
Kh7 29. Ne4 Rad8 30. Rxd7 Rxd7 31. Bxg4 Rd4 32. Qe2 1-0

[Event "Titled Tue 27th May Early"]
[Site "chess.com INT"]
[Date "2025.05.27"]
[Round "3"]
[White "Coe, William"]
[Black "Altynbek, Aiaru"]
[Result "0-1"]
[BlackTitle "WFM"]
[WhiteElo "2078"]
[BlackElo "1977"]
[WhiteFideId "30913624"]
[BlackFideId "13752472"]
[EventDate "2025.05.27"]

1. e4 c6 2. d4 d5 3. Nd2 dxe4 4. Nxe4 Nf6 5. Nxf6+ exf6 6. Be3 Bd6 7. h3 O-O 8.
Bd3 Bf5 9. Ne2 Bxd3 10. Qxd3 Nd7 11. O-O Re8 12. Rfe1 Nf8 13. a3 Bc7 14. c4 Ng6
15. Rad1 h5 16. Qf5 h4 17. Nf4 Bxf4 18. Bxf4 Rxe1+ 19. Rxe1 Qxd4 20. Bc1 Rd8 21.
c5 Ne5 22. Kh1 Qxc5 23. Be3 Qa5 24. Rg1 Qd5 25. Rc1 Nd3 26. Rc2 Qxf5 0-1

[Event "Titled Tue 27th May Early"]
[Site "chess.com INT"]
[Date "2025.05.27"]
[Round "3"]
[White "Tiitta, Sauli"]
[Black "Grzesik, Gracjan"]
[Result "1-0"]
[BlackTitle "CM"]
[WhiteElo "2157"]
[BlackElo "2175"]
[WhiteFideId "502251"]
[BlackFideId "1194593"]
[EventDate "2025.05.27"]

1. g4 d5 2. h3 e5 3. c4 c6 4. d4 e4 5. Nc3 f5 6. Qb3 dxc4 7. Qxc4 Nf6 8. Bg5
Nbd7 9. O-O-O Nb6 10. Qb3 h6 11. Bxf6 Qxf6 12. d5 Qf7 13. dxc6 Qxb3 14. axb3
bxc6 15. e3 Bb4 16. Nge2 Bxc3 17. Nxc3 Kf7 18. Na4 1-0

[Event "Titled Tue 27th May Early"]
[Site "chess.com INT"]
[Date "2025.05.27"]
[Round "3"]
[White "Ivashentseva, Dominika"]
[Black "Schubert, Christian"]
[Result "1-0"]
[WhiteTitle "WCM"]
[BlackTitle "CM"]
[WhiteElo "1921"]
[BlackElo "2203"]
[WhiteFideId "34331050"]
[BlackFideId "4604229"]
[EventDate "2025.05.27"]

1. d4 Nf6 2. c4 e6 3. Nc3 d5 4. Nf3 c6 5. Bg5 Bb4 6. g3 Nbd7 7. Bg2 dxc4 8. O-O
b5 9. Ne5 Nxe5 10. Bxf6 gxf6 11. dxe5 Bb7 12. Nxb5 fxe5 13. Qa4 Qb6 14. Qxb4
cxb5 15. Bxb7 Qxb7 16. Rfd1 a5 17. Qc5 Rc8 18. Qxe5 Rg8 19. Rd6 Ke7 20. Rad1
Rcd8 21. Rxd8 Rxd8 22. Qg5+ f6 23. Qg7+ 1-0

[Event "Titled Tue 27th May Early"]
[Site "chess.com INT"]
[Date "2025.05.27"]
[Round "3"]
[White "Deveci, Huseyin Said"]
[Black "Papasimakopoulos, Alexandros"]
[Result "0-1"]
[WhiteTitle "CM"]
[BlackTitle "IM"]
[WhiteElo "2212"]
[BlackElo "2366"]
[WhiteFideId "26322455"]
[BlackFideId "4244125"]
[EventDate "2025.05.27"]

1. e4 e6 2. d4 d5 3. Nd2 Nf6 4. e5 Nfd7 5. f4 c5 6. c3 Nc6 7. Ndf3 cxd4 8. cxd4
a5 9. Bd3 a4 10. a3 Nb6 11. Ne2 Na5 12. O-O g6 13. f5 gxf5 14. Bg5 Be7 15. Bxe7
Qxe7 16. Nf4 h5 17. h4 Bd7 18. Ng5 Nbc4 19. Nxh5 Nxb2 20. Qe2 Rxh5 21. Qxh5 Nxd3
22. Rf3 Bb5 23. Nxe6 Qxe6 24. Qh8+ Kd7 25. Qxa8 Qb6 26. Kh2 Qxd4 27. Qxa5 Qxh4+
28. Rh3 Qf4+ 29. Kg1 Qd4+ 30. Kh2 Qxe5+ 31. Kg1 Qxa1+ 32. Kh2 Qe5+ 33. Kg1 Qe1+
34. Qxe1 Nxe1 0-1

[Event "Titled Tue 27th May Early"]
[Site "chess.com INT"]
[Date "2025.05.27"]
[Round "3"]
[White "Duda, Jan-Krzysztof"]
[Black "Amangeldy, Ernur"]
[Result "1-0"]
[WhiteTitle "GM"]
[BlackTitle "FM"]
[WhiteElo "2739"]
[BlackElo "2231"]
[WhiteFideId "1170546"]
[BlackFideId "13720244"]
[EventDate "2025.05.27"]

1. d4 Nf6 2. c4 e6 3. Bf4 Bb4+ 4. Nd2 Nh5 5. a3 Be7 6. Bg3 Bf8 7. e3 Nxg3 8.
hxg3 g6 9. f4 d6 10. Ngf3 Bg7 11. Qc2 c5 12. dxc5 dxc5 13. g4 Nc6 14. O-O-O O-O
15. Bd3 Qb6 16. g5 Rd8 17. Ne4 e5 18. Nf6+ Bxf6 19. gxf6 exf4 20. Rxh7 Rxd3 21.
Rdh1 1-0

[Event "Titled Tue 27th May Early"]
[Site "chess.com INT"]
[Date "2025.05.27"]
[Round "3"]
[White "Rossi, Maximiliano"]
[Black "Khandhadia, Nivaan Rathin"]
[Result "1-0"]
[BlackTitle "CM"]
[WhiteElo "2013"]
[BlackElo "2112"]
[WhiteFideId "113425"]
[BlackFideId "25753274"]
[EventDate "2025.05.27"]

1. e4 c5 2. Nf3 d6 3. d4 cxd4 4. Nxd4 Nf6 5. f3 g6 6. c4 Bg7 7. Nc3 O-O 8. Be3
Nc6 9. Be2 Bd7 10. Qd2 Rc8 11. O-O Ne5 12. b3 Re8 13. h3 Nc6 14. Rfd1 a6 15.
Rac1 Qc7 16. Nd5 Qd8 17. b4 Nxd5 18. cxd5 Nxd4 19. Bxd4 Ba4 20. Bxg7 Kxg7 21.
Rxc8 Qxc8 22. Rc1 Qd7 23. Qd4+ Kg8 24. Qc3 Bb5 25. Bd1 e6 26. dxe6 fxe6 27. Qc7
Re7 28. Qb8+ Re8 29. Qc7 Re7 30. Qxd7 Rxd7 31. Rc8+ Kg7 32. a4 Bc6 33. Kf2 d5
34. e5 d4 35. f4 b5 36. Rxc6 bxa4 37. Bxa4 d3 38. Rd6 1-0

[Event "Titled Tue 27th May Early"]
[Site "chess.com INT"]
[Date "2025.05.27"]
[Round "3"]
[White "Sprenar, Petr"]
[Black "Kochavi, Dana"]
[Result "0-1"]
[WhiteTitle "FM"]
[BlackTitle "FM"]
[WhiteElo "2318"]
[BlackElo "2226"]
[WhiteFideId "397164"]
[BlackFideId "2837137"]
[EventDate "2025.05.27"]

1. Nf3 b6 2. g3 Bb7 3. Bg2 g6 4. O-O Bg7 5. d3 e5 6. e4 Ne7 7. Nc3 O-O 8. Re1
Nbc6 9. Be3 Nd4 10. Nb1 Nxf3+ 11. Bxf3 d5 12. c3 c5 13. a4 Qc7 14. a5 Rad8 15.
axb6 axb6 16. Qb3 f5 17. exf5 gxf5 18. Bg5 Bf6 19. Bxf6 Rxf6 20. Na3 e4 21. dxe4
fxe4 22. Nb5 Qc8 23. Bxe4 c4 24. Qa3 dxe4 25. Qxe7 Rdf8 26. Re2 e3 27. f4 Qc6 0-1

[Event "Titled Tue 27th May Early"]
[Site "chess.com INT"]
[Date "2025.05.27"]
[Round "3"]
[White "Zakin, Ilay"]
[Black "Gutman, Gennadi"]
[Result "1-0"]
[WhiteTitle "FM"]
[BlackTitle "GM"]
[WhiteElo "2257"]
[BlackElo "2445"]
[WhiteFideId "2848279"]
[BlackFideId "14102277"]
[EventDate "2025.05.27"]

1. Nf3 c6 2. g3 d5 3. Bg2 Nf6 4. O-O g6 5. d4 Bg7 6. c4 O-O 7. cxd5 cxd5 8. Ne5
Bf5 9. Nc3 Nc6 10. Nxc6 bxc6 11. Bf4 Qb6 12. Na4 Qb5 13. Rc1 Nd7 14. b3 Rfc8 15.
Qd2 e6 16. Bd6 Bf8 17. Bxf8 Kxf8 18. Nc5 Nf6 19. Rc3 Qb6 20. Rfc1 Kg7 21. Qf4
Ne8 22. h4 Qc7 23. Qxc7 Nxc7 24. Na6 Nb5 25. Rxc6 Rxc6 26. Rxc6 Nxd4 27. Rc7
Nxe2+ 28. Kf1 Bd3 29. Nc5 Bb5 30. a4 1-0

[Event "Titled Tue 27th May Early"]
[Site "chess.com INT"]
[Date "2025.05.27"]
[Round "3"]
[White "Rose, Felix"]
[Black "Ochedzan, Filip"]
[Result "0-1"]
[WhiteTitle "CM"]
[BlackTitle "CM"]
[WhiteElo "2093"]
[BlackElo "2130"]
[WhiteFideId "5105722"]
[BlackFideId "21892610"]
[EventDate "2025.05.27"]

1. e4 g6 2. d4 Nf6 3. Nc3 d5 4. e5 Ne4 5. Nxe4 dxe4 6. Bc4 Bg7 7. Ne2 c5 8. c3
Nc6 9. Be3 Bg4 10. O-O O-O 11. Re1 Rc8 12. h3 Bxe2 13. Bxe2 Qb6 14. Qb3 Rfd8 15.
dxc5 Qxb3 16. axb3 a6 0-1